00626nam a2200181Ia 4500999001500000008004100015020001500056100002700071245006300098260004600161300001000207490001200217650003400229700002700263700002800290942001200318952011400330 c7282d7282201217s9999 xx 000 0 und d a0829000860 aSmith, Robert B.94607 0aQualitative methods : handbook of social science methods / aCambridgebBallinger Publishing Co.c1982 a333p. vVol. II 0aSocial sciences - Methodology 94609aSmith, Robert B. 94610aManning, Peter K. cBK2ddc 00102ddc406301_072000000000000_S642170917215aCLbCLd2020-12-17o301.072 S6421pPM02414r2020-12-17yBK